| 000 | 00486 a2200133 4500 | ||
|---|---|---|---|
| 001 | 120640 | ||
| 020 | _a9788537603673 | ||
| 040 | _cEscola Canadense de Niteroi | ||
| 100 | _aMarques, Cristina | ||
| 245 | 1 | 0 | _aPinóquio |
| 300 | _c20x27 cm | ||
| 520 | _aA delicadeza das ilustrações e a simplicidade dos textos dos livros desta coleção atraem a atenção das crianças, que se encantam com o enredo das bonitas histórias extraídas dos grandes clássicos infantis. | ||
| 942 | _cBK | ||
| 999 |
_c120640 _d120640 |
||